000 00601nam a2200229Ia 4500
003 OSt
005 20220925221204.0
006 a|||||r|||| 00| 0
007 ta
008 220923b |||||||| |||| 00| 0 eng d
037 _cGeneral Book
040 _aRTL
_cRTL
_beng
041 _2eng
_aeng
082 _aX6xM83:g, N5
100 _aKing J E
245 0 _aConversations with post keynesians
260 _aLondon
_bMacmillan UK
_c1995
300 _av, 275p.
_ccm.
650 _aKeynes
_9231657
942 _hX6xM83:g, N5
_cGB
_2CC
999 _c573556
_d573556